The pearson guide to the GATE (Mechanical engineering) / (Record no. 76355)
[ view plain ]
| 000 -LEADER | |
|---|---|
| fixed length control field | 00835nam a22002297a 4500 |
| 005 - DATE AND TIME OF LATEST TRANSACTION | |
| control field | 20130530154704.0 |
| 008 - FIXED-LENGTH DATA ELEMENTS--GENERAL INFORMATION | |
| fixed length control field | 080922t xxu||||| |||| 00| 0 eng d |
| 010 ## - LCCN (DPL NO) | |
| LC control number | B-506550-551 |
| 020 ## - INTERNATIONAL STANDARD BOOK NUMBER | |
| International Standard Book Number | 9788131721346 |
| Terms of availability | 699.00 |
| 035 ## - SYSTEM CONTROL NUMBER | |
| System control number | B-506550-551 |
| 037 ## - SOURCE OF ACQUISITION | |
| Source of stock number/acquisition | KKP/Ven |
| 040 ## - CATALOGING SOURCE | |
| Original cataloging agency | dpl |
| Language of cataloging | English |
| 082 ## - DEWEY DECIMAL CLASSIFICATION NUMBER | |
| Classification number | 521 |
| 100 ## - MAIN ENTRY--PERSONAL NAME | |
| Personal name | Hegde, Rama Krishana |
| 245 ## - TITLE STATEMENT | |
| Title | The pearson guide to the GATE (Mechanical engineering) / |
| Statement of responsibility, etc | Rama Krishana Hegde |
| 246 ## - VARYING FORM OF TITLE | |
| Title proper/short title | GATE |
| 260 ## - PUBLICATION, DISTRIBUTION, ETC. (IMPRINT) | |
| Place of publication, distribution, etc | Noida |
| Name of publisher, distributor, etc | Pearson |
| Date of publication, distribution, etc | 2012 |
| 270 ## - ADDRESS | |
| Address | 7th floor, Knowledge Boulevard, A-8(A), Sector 62 |
| City | Noida |
| Postal code | 201309 |
| 300 ## - PHYSICAL DESCRIPTION | |
| Extent | 937p. |
| Dimensions | 25cm(pbk) |
| Accompanying material | 1-CD ROM |
| 942 ## - ADDED ENTRY ELEMENTS (KOHA) | |
| Source of classification or shelving scheme | Dewey Decimal Classification |
| Item type | English Books |
| Call number suffix | HEG |
| Classification part | 521 |
| Withdrawn status | Lost status | Source of classification or shelving scheme | Damaged status | Not for loan | Collection code | Home library | Current library | Date acquired | Source of acquisition | Cost, normal purchase price | Total Checkouts | Full call number | Barcode | Date last seen | Copy number | Cost, replacement price | Koha item type | Total Renewals |
|---|---|---|---|---|---|---|---|---|---|---|---|---|---|---|---|---|---|---|
| Dewey Decimal Classification | Non-fiction | Sarojini Nagar | Sarojini Nagar | 30/05/2013 | KKP/BL3018/19.3.13/172/19.3.13/22.3.13 | 699.00 | 521 HEG | B-506550 | 30/05/2013 | 1 | 699.00 | English Books | ||||||
| Dewey Decimal Classification | Non-fiction | Sarojini Nagar | Sarojini Nagar | 30/05/2013 | KKP/BL3018/19.3.13/172/19.3.13/22.3.13 | 699.00 | 1 | 521 HEG | B-506551 | 13/12/2024 | 1 | 699.00 | English Books | 1 |
